000 00231 a2200085 4500
020 _a9783037787526
100 _a Louis I. Kahn and Sue Ann Kahn
245 _aLouis I. Kahn: The Last Notebook
260 _bLars Müller Publishers
_c 2024
999 _c13406
_d13406